|
|
|
|
| LEADER |
02072nam a2200397 a 4500 |
| 001 |
17725 |
| 003 |
BD-DhAAL |
| 008 |
100124s2008 maua b 001 0 eng d |
| 010 |
|
|
|a 2009000140
|
| 020 |
|
|
|a 9780071259385
|
| 020 |
|
|
|a 9780073382432 (alk. paper)
|
| 020 |
|
|
|a 0073382434 (alk. paper)
|
| 040 |
|
|
|a DLC
|c DLC
|d CP
|d DLC
|d BD-DhAAL
|
| 082 |
0 |
0 |
|a 332.1068
|2 22
|
| 100 |
1 |
|
|a Rose, Peter S.
|9 38985
|
| 245 |
1 |
0 |
|a Bank management & financial services /
|c Peter S. Rose, Sylvia C. Hudgins.
|
| 246 |
3 |
|
|a Bank management and financial services.
|
| 250 |
|
|
|a Eighth edition.
|
| 260 |
|
|
|a Boston :
|b McGraw-Hill/Irwin,
|c c2008.
|
| 300 |
|
|
|a xxv, 722 pages :
|b illustrations ;
|c 27 cm
|
| 490 |
1 |
|
|a The McGraw-Hill/Irwin series in finance, insurance and real estate
|
| 504 |
|
|
|a Includes bibliographical references and index.
|
| 526 |
|
|
|a MBA
|x Md. Akhtaruzzaman,
Faculty member of BRAC University
Course No. : FIN 603
|
| 541 |
1 |
|
|e 17725, 18657
|a SMART BOOKS
|
| 650 |
|
0 |
|a Financial institutions
|z United States.
|
| 650 |
|
0 |
|a Bank management
|z United States.
|9 38987
|
| 650 |
|
0 |
|a Financial services industry
|z United States.
|
| 650 |
|
0 |
|a Banks and banking, International.
|
| 700 |
1 |
|
|a Hudgins, Sylvia Conway,
|d 1956-
|9 38991
|
| 830 |
|
0 |
|a The McGraw-Hill/Irwin series in finance, insurance, and real estate.
|9 37671
|
| 852 |
4 |
|
|a Ayesha Abed Library
|c General Stacks
|
| 942 |
0 |
0 |
|0 1
|2 ddc
|c BK
|
| 999 |
|
|
|c 7186
|d 7186
|
| 952 |
|
|
|0 0
|1 4
|2 ddc
|4 0
|6 332_106800000000000_ROS
|7 0
|9 7475
|a BRACUL
|b BRACUL
|c GEN
|d 2010-01-26
|l 0
|o 332.1068 ROS
|p 3010018657
|r 2010-01-26
|t 1
|w 2010-01-26
|y BK
|x Koha Inventory 2020
|
| 952 |
|
|
|0 0
|1 0
|2 ddc
|4 0
|6 332_106800000000000_ROS_2008
|7 0
|9 8071
|a BRACUL
|b BRACUL
|c GEN
|d 2010-02-14
|l 32
|m 283
|o 332.1068 ROS
|p 3010018656
|r 2026-01-19
|s 2025-10-11
|t 2
|w 2010-02-14
|y BK
|
| 952 |
|
|
|0 0
|1 0
|2 ddc
|4 0
|6 332_106800000000000_ROS_2008
|7 0
|9 14503
|a BRACUL
|b BRACUL
|c GEN
|d 2011-03-01
|e SMART BOOKS
|g 1970.00
|l 29
|m 202
|o 332.1068 ROS
|p 3010017725
|r 2025-12-17
|s 2025-10-07
|t 3
|w 2011-03-01
|y BK
|x Requisitioned by Md. Akhtaruzzaman, Faculty member of BRAC University fpr the course no. FIN 603.
|